Statystyki dla Zgadnij Państwa narysowane prze ze mnie.

Kliknij tutaj aby rozwiązać quiz!

Ogólne statystyki

  • Ten quiz został rozwiązany 38 razy
  • Średni wynik to 7 z 7

Statystyki odpowiedzi

Odpowiedź% Poprawnych
Cypr
100%
Czechy
100%
Estonia
100%
Macedonia północna
100%
Polska
100%
Albania
97%
Liban
81%

Rozkład punktacji

Percentyl według liczby udzielonych odpowiedzi

Procent ludzi z każdym wynikiem

Twoja historia wyników

Nie rozwiązałeś tego quizu